000 00346nam a2200145Ia 4500
008 230917s9999||||xx |||||||||||||| ||und||
040 _e156042
_aMAIN
041 _aEnglish
082 _a294.1 D148D
100 _aSatvalekar, Damodar
245 0 _aDevvrit samhita
260 _aPardi
_bSwadhyay Mandal
_c1964
300 _a677 p.
942 _cBK
999 _c209353
_d209353